Statistics for Stardew Valley - Villagers by Silhouette

Click here to take the quiz!

General Stats

  • This quiz has been taken 222 times
  • The average score is 13 of 16

Answer Stats

Answer% Correct
Pierre
97%
Jas
96%
Penny
92%
Shane
92%
Haley
91%
Maru
91%
Krobus
90%
Marnie
90%
Sam
90%
George
85%
Abigail
84%
Demetrius
84%
Sandy
83%
Gunther
76%
Elliott
63%
Birdie
37%

Score Distribution

Percentile by Number Answered

Percent of People with Each Score

Your Score History

You have not taken this quiz